000 00760nam a2200253Ia 4500
003 OSt
005 20221005073708.0
006 a|||||r|||| 00| 0
007 ta
008 221004b |||||||| |||| 00| 0 eng d
020 _a9789388162166 (hbk)
_cINR 1499.00
024 _a43234
037 _b218, 05/03/2019, Classic Book Service
_cTextual
040 _aCRL
_cCRL
_beng
041 _2eng
_aeng
082 _aW:5, Q8
100 _aAnjum Shakil Au.
_9608218
245 0 _aSocial justice and human rights
260 _aNew Delhi
_bInnovative Imprint India
_c2018
300 _aviii,232p.
_ccm.
650 _aHUMAN RIGHTS
942 _hW:5, Q8
_cTEXL
_2cc
999 _c981551
_d981551